Piosenki LSO po wersach #1 - Statystyki

Ogólne statystyki
  • Ten quiz został rozwiązany 20 razy
  • Średni wynik to 7 z 10
Statystyki odpowiedzi
Nr. Tekst Nazwa % Poprawnych
7. To są wieści tu od nas, chłopaków bez pozerkiNie walimy kosy w nerki, to nie w naszym stylu gierki... Hator
83%
6. Bo to świat łże...... Otworze ci ***** Na pamiątke byłeś ze mną nie od wczoraj... Serce
83%
3. I chociaż chciałbyś tego tak mocnoTego tak mocno To nie możesz sam tego dotknąć... Tango
83%
8. Dawaj, dawaj kurwa!Jedziesz! No i dalej robię ziomuś swoją pierdoloną serię Wkurwiony jak Bullterier... Beng
75%
2. Jak wielki błąd, że tam poznałaś mnieLecz po dziś dzień na pewno tyle zmieniło się... Mosty
75%
1. Kiedy nagrywałem hatorNie kumał tego amator... Kaliber ciężki
67%
5. To nie ważne co mówiąŻe jestem szaleńcem Bo przecież nim jestem... Kong King
67%
10. Undergroundy, bassy surroundy, ******* ******, profesor ganji
Nie wierzysz w legendy, źle ci patrzy z gęby
Idź gdzieś tam, a my idziemy tędy....
Krokodyl Dundee
67%
4. Ta, czterotakt beng, beng, wysokie obrotyGang four fifty leci jak koty... KX450
33%
9. ... chce przekonać też ciebieZa drogie kurwą ruchy są wykonywane w niebie tak jak wchodzi wkurwienie, tak jak będzie oświecenie... Nie wychodzę z siebie
25%
Nie znaleziono quizów pasujących do podanych kryteriów
Rozkład punktacji
Procent ludzi z każdym wynikiem
Percentyl według liczby udzielonych odpowiedzi
Twoja historia wyników
Nie rozwiązałeś tego quizu